Let's Go Gambling!!!!!!!!!!!!!!!!!!!!!!!!! - Statistics

General Stats
  • This quiz has been taken 30 times
  • The average score is 21 of 45
Answer Stats
Question Tile Select % Correct
Remember, only three of these are correct. Click to choose No
81%
Remember, only three of these are correct. Click to choose No
77%
Same with these ones. Click to choose No
73%
Remember, only three of these are correct. Click to choose No
69%
Remember, only three of these are correct. Click to choose No
69%
And only three of these ones are correct. Click to choose No
69%
And only three of these ones are correct. Click to choose No
65%
And only three of these ones are correct. Click to choose No
65%
Remember, only three of these are correct. Click to choose No
62%
And only three of these ones are correct. Click to choose No
62%
Same with these ones. Click to choose No
62%
Nothing's changed. Click to choose No
62%
Nothing's changed. Click to choose No
62%
Feeling lucky? Click to choose No
62%
Remember, only three of these are correct. Click to choose No
58%
Same with these ones. Click to choose No
58%
Same with these ones. Click to choose No
58%
Nothing's changed. Click to choose No
58%
Same with these ones. Click to choose No
54%
Nothing's changed. Click to choose No
54%
Feeling lucky? Click to choose No
54%
Same with these ones. Click to choose No
50%
Feeling lucky? Click to choose No
50%
And only three of these ones are correct. Click to choose No
46%
Feeling lucky? Click to choose No
46%
Feeling lucky? Click to choose No
46%
And only three of these ones are correct. Click to choose Yes
42%
Same with these ones. Click to choose Yes
42%
And only three of these ones are correct. Click to choose No
38%
Nothing's changed. Click to choose No
38%
Feeling lucky? Click to choose No
38%
Remember, only three of these are correct. Click to choose Yes
35%
Remember, only three of these are correct. Click to choose Yes
35%
Nothing's changed. Click to choose No
35%
Remember, only three of these are correct. Click to choose Yes
31%
Feeling lucky? Click to choose Yes
31%
And only three of these ones are correct. Click to choose Yes
27%
Same with these ones. Click to choose Yes
27%
Nothing's changed. Click to choose Yes
27%
Same with these ones. Click to choose Yes
23%
Feeling lucky? Click to choose Yes
23%
Nothing's changed. Click to choose Yes
19%
Nothing's changed. Click to choose Yes
19%
And only three of these ones are correct. Click to choose Yes
15%
Feeling lucky? Click to choose Yes
15%
No matching quizzes found
Score Distribution
Percent of People with Each Score
Percentile by Number Answered
Your Score History
You have not taken this quiz